Team Fortress 2 Maps Quiz - Statistics

General Stats
  • This quiz has been taken 20 times
    18 since last reset
  • The average score is 40 of 168
Answer Stats
Hint Answer % Correct
Launch 2Fort
93%
Launch Dustbowl
86%
Engineer Upward
79%
Summer 2023 Phoenix
57%
Sniper vs. Spy Sawmill (Arena)
57%
Classless Sawmill (CTF)
57%
Classless Sawmill (KOTH)
57%
Gun Mettle Borneo
50%
Scout Egypt
50%
Gold Rush Gold Rush
50%
WAR! Gorge (CP)
50%
Smissmas 2014 Gorge (CTF)
50%
Engineer Hightower
50%
Sniper vs. Spy Hoodoo
50%
Gun Mettle Suijin
50%
Pyro Turbine
50%
Classless Viaduct
50%
Invasion 2Fort Invasion
43%
Heavy Badlands (Arena)
43%
February 14, 2008 Patch Badlands (CP)
43%
Hatless Badlands (KOTH)
43%
Heavy Badwater Basin
43%
Jungle Inferno Banana Bay
43%
Mann vs. Machine Coal Town
43%
WAR! Double Cross
43%
Two Cities Mannhattan
43%
Mann vs. Machine Mannworks
43%
Jungle Inferno Mercenary Park
43%
Jungle Inferno Mossrock
43%
Smissmas 2020 Pier
43%
Two Cities Rottenburg
43%
Meet Your Match Sunshine
43%
Meet Your Match Swiftwater
43%
Heavy Well (Arena)
43%
Launch Well (CP)
43%
January 25, 2008 Patch Well (CTF)
43%
January 11, 2011 Patch 5Gorge
36%
Mann vs. Machine Decoy
36%
Australian Christmas DeGroot Keep
36%
Launch Hydro
36%
Tough Break Landfall
36%
Scream Fortress Mountain Lab
36%
Sniper vs. Spy Pipeline
36%
Summer Event 2013 Process
36%
Heavy Steel
36%
March 12, 2015 Patch Thunder Mountain (CTF)
36%
Engineer Thunder Mountain (PL)
36%
Mecha Bigrock
29%
Jungle Inferno Brazil
29%
Pyromania Doomsday
29%
Very Scary Halloween Special Eyeaduct
29%
Pyro Fastlane
29%
Australian Christmas 2011 Foundry (CP)
29%
Smissmas 2014 Foundry (CTF)
29%
Community Map Pack Frontier
29%
Spectral Halloween Special Ghost Town
29%
Launch Gravel Pit
29%
Haunted Halloween Special Harvest
29%
Scream Fortress V Helltower
29%
Scout Junction
29%
Community Map Pack Lakeside
29%
Scream Fortress Mann Manor
29%
Meet Your Match Metalworks
29%
Community Map Pack Nightfall
29%
Sniper vs. Spy Nucleus (Arena)
29%
Classless Nucleus (KOTH)
29%
Summer 2023 Nucleus (VSH)
29%
Scream Fortress VII Sinshine
29%
Two Cities Snakewater
29%
Smissmas 2021 Altitude
21%
Scream Fortress XII Bloodwater
21%
August 18, 2015 Patch Brickyard
21%
Summer 2023 Cashworks
21%
Jungle Inferno Enclosure
21%
Heavy Granary (Arena)
21%
Launch Granary (CP)
21%
Tough Break Highpass
21%
August 10, 2012 Patch Kong King
21%
Gun Mettle Powerhouse
21%
Summer 2023 Rotunda
21%
Summer Event 2013 Standin
21%
Summer 2023 Venice
21%
Scout Watchtower
21%
Classless Yukon
21%
Über Barnblitz
14%
Scream Fortress XIV Bonesaw
14%
Smissmas 2021 Bread Space
14%
Scream Fortress VIII Brimstone
14%
July 8, 2014 Patch Cactus Canyon
14%
Scream Fortress X Cauldron
14%
Engineer Coldfront
14%
Meet Your Match District
14%
Smissmas 2022 Frostwatch
14%
Smissmas 2022 Frosty
14%
Spectral Halloween Special Ghost Fort
14%
Scream Fortress VII Gorge Event
14%
Summer 2023 Hardwood
14%
Haunted Halloween Special Harvest Event
14%
Jungle Inferno Lazarus
14%
Heavy Lumberyard
14%
Classless Offblast
14%
Summer 2023 Pelican Peak
14%
Invasion Probed
14%
Heavy Ravine
14%
Summer 2023 Reckoner
14%
Summer 2023 Selbyen
14%
Summer 2023 Sharkbay
14%
Summer 2023 Skirmish
14%
Gun Mettle Snowplow
14%
Tough Break Snowycoast
14%
Scream Fortress XIV Soul-Mill
14%
Summer 2023 Sulfur
14%
Tough Break Vanguard
14%
Smissmas 2020 Wutville
14%
July 8, 2014 Patch Asteroid
7%
Scream Fortress XV Atoll
7%
Invasion Byre
7%
Scream Fortress VI Carnival of Carnage
7%
Smissmas 2021 Cascade
7%
Smissmas 2021 Chilly
7%
Smissmas 2022 Coal Pit
7%
Scream Fortress XV Corruption
7%
Scream Fortress XIV Crasher
7%
Scream Fortress X Cursed Cove
7%
Scream Fortress XV Devastation
7%
Summer 2023 Distillery
7%
Smissmas 2021 Doublefrost
7%
Scream Fortress XIII Erebus
7%
Scream Fortress XIII Farmageddon
7%
April 28, 2010 Patch Freight
7%
Smissmas 2022 Frostcliff
7%
Scream Fortress XIV Ghoulpit
7%
Scream Fortress X Gravestone
7%
Scream Fortress XIII Graveyard
7%
Manniversary Gullywash
7%
Scream Fortress XII Hassle Castle
7%
Scream Fortress 2015 Hellfire
7%
Scream Fortress VII Hellstone
7%
Scream Fortress XIV Helltrain
7%
Scream Fortress XI Laughter
7%
Scream Fortress XV Lava Pit
7%
Scream Fortress XIII Los Muertos
7%
Scream Fortress XV Mannsylvania
7%
Scream Fortress VIII Maple Ridge Event
7%
Scream Fortress XII Megalo
7%
Scream Fortress XII Moldergrove
7%
Scream Fortress X Monster Bash
7%
Scream Fortress VII Moonshine Event
7%
Scream Fortress XV Murky
7%
Scream Fortress XV Perks
7%
Scream Fortress VIII Pit of Death
7%
Smissmas 2021 Polar
7%
Scream Fortress XI Precipice
7%
Smissmas 2022 Rumford
7%
Scream Fortress XV Sandcastle
7%
Scream Fortress XV Sanitarium
7%
Scream Fortress XIII Sinthetic
7%
Scream Fortress X Slasher
7%
Scream Fortress XV Slime
7%
Smissmas 2020 Snowfall
7%
Smissmas 2020 SnowVille
7%
Scream Fortress XV Spineyard
7%
Scream Fortress XIV Spookeyridge
7%
Scream Fortress XIII Terror
7%
November 25, 2015 Timbertown
7%
Summer 2023 Tiny Rock
7%
Invasion Watergate
7%
Scream Fortress XV Woods
7%
No matching quizzes found
Score Distribution
Percent of People with Each Score
Percentile by Number Answered
Your Score History
You have not taken this quiz since the last reset